[Event "RUS-ch Men Blitz 2019"]
[Site "Sochi"]
[Date "2019.10.17"]
[Round "12.5"]
[White "Mikhailovsky, Vladimir"]
[Black "Rublevsky, Sergei"]
[Result "0-1"]
[WhiteElo "2209"]
[BlackElo "2651"]
[Annotator "RC"]
[PlyCount "101"]
[EventDate "2019.10.17"]
[EventType "swiss"]
[EventCountry "RUS"]
[SourceTitle "playchess.com"]
[Source "ChessBase"]
[SourceQuality "1"]
[TimeControl "180+2"]

1. e4 {[%emt 0:00:00]} c5 {[%emt 0:00:00]} 2. d4 {[%emt 0:00:00]} cxd4 {[%emt 0:00:00]} 3. c3 {[%emt 0:00:01]} dxc3 {[%emt 0:00:02]} 4. Nxc3 {[%emt 0:00:01]} Nc6 {[%emt 0:00:01]} 5. Nf3 {[%emt 0:00:01]} e6 {[%emt 0:00:04]} 6. Bc4 {[%emt 0:00:02]} d6 {[%emt 0:00:04]} 7. O-O {[%emt 0:00:02]} Be7 {[%emt 0:00:06]} 8. Qe2 {[%emt 0:00:02]} Nf6 {[%emt 0:00:01]} 9. Rd1 {[%emt 0:00:01]} e5 {[%emt 0:00:05]} 10. h3 {[%emt 0:00:04]} O-O {[%emt 0:00:02]} 11. Bg5 {[%emt 0:00:03]} Be6 {[%emt 0:00:04]} 12. Bxf6 {[%emt 0:00:04]} Bxf6 {[%emt 0:00:02]} 13. Nd5 {[%emt 0:00:10]} Bg5 {[%emt 0:00:17]} 14. a3 {[%emt 0:00:09]} Rc8 {[%emt 0:00:10]} 15. b4 {[%emt 0:00:05]} Bh6 {[%emt 0:00:02]} 16. b5 {[%emt 0:00:10]} Ne7 {[%emt 0:00:07]} 17. Nh2 {[%emt 0:00:06]} Rc5 {[%emt 0:00:14]} 18. Ng4 {[%emt 0:00:05]} Bg5 {[%emt 0:00:02]} 19. Nge3 {[%emt 0:00:05]} Bxe3 {[%emt 0:00:04]} 20. Nxe3 {[%emt 0:00:01]} Qc7 {[%emt 0:00:05]} 21. Bxe6 {[%emt 0:00:13]} fxe6 {[%emt 0:00:01]} 22. Qg4 {[%emt 0:00:01]} Rf6 {[%emt 0:00:02]} 23. Rd2 {[%emt 0:00:04]} Rxb5 {[%emt 0:00:11]} 24. Rad1 {[%emt 0:00:02]} Rb6 {[%emt 0:00:04]} 25. Qh5 {[%emt 0:00:27]} Ng6 26. Ng4 {[%emt 0:00:06]} Rf8 {[%emt 0:00:14]} 27. Qg5 Qd8 {[%emt 0:00:30]} 28. Qe3 {[%emt 0:00:21]} Qe7 {[%emt 0:00:12]} 29. g3 {[%emt 0:00:03]} Rc8 {[%emt 0:00:09]} 30. h4 {[%emt 0:00:02]} Nf8 {[%emt 0:00:02]} 31. h5 {[%emt 0:00:08]} h6 {[%emt 0:00:01]} 32. a4 {[%emt 0:00:06]} Nd7 {[%emt 0:00:07]} 33. a5 {[%emt 0:00:04]} Ra6 {[%emt 0:00:02]} 34. Qa3 {[%emt 0:00:06]} Rc5 {[%emt 0:00:01]} 35. Qb4 {[%emt 0:00:07]} Nb8 {[%emt 0:00:30]} 36. Ne3 {[%emt 0:00:30]} Nc6 {[%emt 0:00:01]} 37. Qa3 {[%emt 0:00:15]} Nd4 {[%emt 0:00:02]} 38. Kg2 {[%emt 0:00:04]} Rcxa5 {[%emt 0:00:02]} 39. Qb4 {[%emt 0:00:05]} Ra4 {[%emt 0:00:04]} 40. Qc3 {[%emt 0:00:04]} Rc6 {[%emt 0:00:02]} 41. Qb2 {[%emt 0:00:03]} Qf7 {[%emt 0:00:01]} 42. f4 {[%emt 0:00:16]} Qxh5 {[%emt 0:00:04]} 43. Rf1 {[%emt 0:00:02]} b5 {[%emt 0:00:07]} 44. f5 {[%emt 0:00:02]} exf5 {[%emt 0:00:03]} 45. exf5 {[%emt 0:00:01]} Qf7 {[%emt 0:00:02]} 46. f6 {[%emt 0:00:01]} gxf6 {[%emt 0:00:05]} 47. Rdf2 {[%emt 0:00:03]} Rc1 48. Qxc1 {[%emt 0:00:04]} Ra2 {[%emt 0:00:02]} 49. Qc8+ {[%emt 0:00:01]} Kh7 {[%emt 0:00:02]} 50. Nf5 {[%emt 0:00:02]} Rxf2+ {[%emt 0:00:02]} 51. Rxf2 {[%emt 0:00:02]} 0-1

[Event "RUS-ch Men Blitz 2019"]
[Site "Sochi"]
[Date "2019.10.17"]
[Round "12.6"]
[White "Lysyj, Igor"]
[Black "Golubov, Saveliy"]
[Result "0-1"]
[WhiteElo "2596"]
[BlackElo "2469"]
[Annotator "ChessBase"]
[PlyCount "85"]
[EventDate "2019.10.17"]
[EventType "swiss"]
[EventCountry "RUS"]
[SourceTitle "playchess.com"]
[Source "ChessBase"]
[SourceQuality "1"]
[TimeControl "180+2"]

1. d4 {[%emt 0:00:00]} Nf6 {[%emt 0:00:00]} 2. c4 {[%emt 0:00:01]} e5 {[%emt 0:00:00]} 3. dxe5 {[%emt 0:00:04]} Ng4 {[%emt 0:00:00]} 4. Nf3 {[%emt 0:00:05]} Bc5 {[%emt 0:00:01]} 5. e3 {[%emt 0:00:03]} Nc6 {[%emt 0:00:00]} 6. Nc3 {[%emt 0:00:03]} Ngxe5 {[%emt 0:00:01]} 7. Be2 {[%emt 0:00:05]} O-O {[%emt 0:00:02]} 8. b3 {[%emt 0:00:12]} Re8 {[%emt 0:00:01]} 9. Bb2 {[%emt 0:00:03]} a5 {[%emt 0:00:00]} 10. Nd2 {[%emt 0:00:06]} d6 {[%emt 0:00:18]} 11. Nde4 {[%emt 0:00:04]} Ba7 {[%emt 0:00:03]} 12. O-O {[%emt 0:00:05]} Bf5 {[%emt 0:00:06]} 13. Ng3 {[%emt 0:00:02]} Bd7 {[%emt 0:00:12]} 14. h3 {[%emt 0:00:08]} Qh4 {[%emt 0:00:16]} 15. Nd5 {[%emt 0:00:07]} Rac8 {[%emt 0:00:04]} 16. Kh2 {[%emt 0:00:06]} Nb4 {[%emt 0:00:26]} 17. Nxb4 {[%emt 0:00:43]} axb4 {[%emt 0:00:01]} 18. Qd2 {[%emt 0:00:01]} Bc5 {[%emt 0:00:12]} 19. Rae1 {[%emt 0:00:04]} Ra8 {[%emt 0:00:10]} 20. Bd4 {[%emt 0:00:11]} Rad8 {[%emt 0:00:38]} 21. f4 {[%emt 0:00:25]} Nc6 {[%emt 0:00:00]} 22. Bf3 {[%emt 0:00:06]} Qe7 {[%emt 0:00:59]} 23. Bxc6 {[%emt 0:00:18]} bxc6 {[%emt 0:00:05]} 24. Bxc5 {[%emt 0:00:03]} dxc5 {[%emt 0:00:02]} 25. Qf2 {[%emt 0:00:04]} Qd6 {[%emt 0:00:09]} 26. Rd1 {[%emt 0:00:06]} Qe7 {[%emt 0:00:01]} 27. e4 {[%emt 0:00:03]} f6 {[%emt 0:00:01]} 28. Rfe1 {[%emt 0:00:02]} Be6 {[%emt 0:00:02]} 29. Qe3 {[%emt 0:00:16]} Rd7 {[%emt 0:00:02]} 30. Rxd7 {[%emt 0:00:03]} Bxd7 {[%emt 0:00:01]} 31. Qf3 {[%emt 0:00:05]} Ra8 {[%emt 0:00:04]} 32. Re2 {[%emt 0:00:01]} Ra6 {[%emt 0:00:03]} 33. e5 {[%emt 0:00:03]} fxe5 {[%emt 0:00:01]} 34. Rxe5 {[%emt 0:00:02]} Qf8 {[%emt 0:00:01]} 35. Qf2 {[%emt 0:00:03]} h6 {[%emt 0:00:04]} 36. Nh5 {[%emt 0:00:08]} Be8 {[%emt 0:00:02]} 37. Ng3 {[%emt 0:00:01]} Bd7 {[%emt 0:00:00]} 38. Ne4 {[%emt 0:00:01]} Rxa2 {[%emt 0:00:02]} 39. Qg3 {[%emt 0:00:06]} Kh7 {[%emt 0:00:04]} 40. Nxc5 {[%emt 0:00:03]} Bf5 {[%emt 0:00:01]} 41. Ne6 {[%emt 0:00:05]} Bxe6 {[%emt 0:00:01]} 42. Rxe6 {[%emt 0:00:01]} Rd2 {[%emt 0:00:05]} 43. Qg6+ {[%emt 0:00:01]} 0-1

[Event "RUS-ch Men Blitz 2019"]
[Site "Sochi"]
[Date "2019.10.17"]
[Round "12.7"]
[White "Sakaev, Konstantin"]
[Black "Timofeev, Artyom"]
[Result "1/2-1/2"]
[WhiteElo "2595"]
[BlackElo "2595"]
[Annotator "ChessBase"]
[PlyCount "29"]
[EventDate "2019.10.17"]
[EventType "swiss"]
[EventCountry "RUS"]
[SourceTitle "playchess.com"]
[Source "ChessBase"]
[SourceQuality "1"]
[TimeControl "180+2"]

1. d4 {[%emt 0:00:00]} Nf6 {[%emt 0:00:00]} 2. c4 {[%emt 0:00:00]} b6 {[%emt 0:00:00]} 3. Nc3 {[%emt 0:00:05]} Bb7 {[%emt 0:00:01]} 4. Nf3 {[%emt 0:00:02]} d5 {[%emt 0:00:02]} 5. Bg5 {[%emt 0:00:16]} dxc4 {[%emt 0:00:04]} 6. e3 {[%emt 0:00:03]} e6 {[%emt 0:00:03]} 7. Bxc4 {[%emt 0:00:03]} Be7 {[%emt 0:00:01]} 8. O-O {[%emt 0:00:03]} O-O {[%emt 0:00:02]} 9. Qe2 {[%emt 0:00:03]} Nbd7 {[%emt 0:00:03]} 10. Rfd1 {[%emt 0:00:13]} Nd5 {[%emt 0:00:03]} 11. Bxe7 {[%emt 0:00:09]} Qxe7 {[%emt 0:00:02]} 12. Rac1 {[%emt 0:00:07]} Nxc3 {[%emt 0:00:03]} 13. Rxc3 {[%emt 0:00:01]} c5 {[%emt 0:00:01]} 14. Ba6 {[%emt 0:00:04]} Bxf3 {[%emt 0:00:32]} 15. Qxf3 {[%emt 0:00:02]} 1/2-1/2

[Event "RUS-ch Men Blitz 2019"]
[Site "Sochi"]
[Date "2019.10.17"]
[Round "12.9"]
[White "Derjabin, Ilja"]
[Black "Nozdrachev, Vladislav"]
[Result "0-1"]
[WhiteElo "2333"]
[BlackElo "2494"]
[Annotator "ChessBase"]
[PlyCount "88"]
[EventDate "2019.10.17"]
[EventType "swiss"]
[EventCountry "RUS"]
[SourceTitle "playchess.com"]
[Source "ChessBase"]
[SourceQuality "1"]
[TimeControl "180+2"]

1. d4 {[%emt 0:00:00]} d5 {[%emt 0:00:00]} 2. c4 {[%emt 0:00:00]} e6 {[%emt 0:00:00]} 3. Nc3 {[%emt 0:00:01]} Nf6 {[%emt 0:00:01]} 4. cxd5 {[%emt 0:00:01]} Nxd5 {[%emt 0:00:02]} 5. e4 {[%emt 0:00:04]} Nxc3 {[%emt 0:00:01]} 6. bxc3 {[%emt 0:00:01]} c5 {[%emt 0:00:01]} 7. a3 {[%emt 0:00:13]} Be7 {[%emt 0:00:05]} 8. Nf3 {[%emt 0:00:01]} O-O {[%emt 0:00:02]} 9. Be2 {[%emt 0:00:01]} b6 {[%emt 0:00:02]} 10. d5 {[%emt 0:00:05]} exd5 {[%emt 0:00:09]} 11. exd5 {[%emt 0:00:02]} Bf6 {[%emt 0:00:03]} 12. O-O {[%emt 0:00:20]} Bxc3 {[%emt 0:00:02]} 13. Ra2 {[%emt 0:00:03]} Bb7 {[%emt 0:00:01]} 14. Bc4 {[%emt 0:00:04]} a6 {[%emt 0:00:26]} 15. a4 {[%emt 0:00:22]} b5 {[%emt 0:00:07]} 16. axb5 {[%emt 0:00:04]} axb5 {[%emt 0:00:01]} 17. Rxa8 {[%emt 0:00:01]} Bxa8 {[%emt 0:00:01]} 18. Bxb5 {[%emt 0:00:01]} Qxd5 {[%emt 0:00:02]} 19. Qxd5 {[%emt 0:00:14]} Bxd5 {[%emt 0:00:01]} 20. Be3 {[%emt 0:00:01]} Bxf3 {[%emt 0:00:19]} 21. gxf3 {[%emt 0:00:01]} Bd4 {[%emt 0:00:01]} 22. Bxd4 {[%emt 0:00:19]} cxd4 {[%emt 0:00:01]} 23. Rc1 {[%emt 0:00:07]} Rd8 {[%emt 0:00:03]} 24. Kf1 {[%emt 0:00:02]} Kf8 {[%emt 0:00:02]} 25. Rc4 {[%emt 0:00:08]} Ke7 {[%emt 0:00:12]} 26. Ke2 {[%emt 0:00:05]} Rd5 {[%emt 0:00:06]} 27. Rc7+ {[%emt 0:00:02]} Kd8 {[%emt 0:00:25]} 28. Rb7 {[%emt 0:00:56]} Kc8 {[%emt 0:00:01]} 29. Rxf7 {[%emt 0:00:08]} Rxb5 {[%emt 0:00:01]} 30. Rxg7 {[%emt 0:00:02]} Rh5 {[%emt 0:00:15]} 31. Rg4 {[%emt 0:00:18]} Nc6 {[%emt 0:00:02]} 32. h4 {[%emt 0:00:02]} Kd7 {[%emt 0:00:05]} 33. f4 {[%emt 0:00:03]} Kd6 {[%emt 0:00:06]} 34. Kd3 {[%emt 0:00:02]} Rd5 {[%emt 0:00:11]} 35. Rg7 {[%emt 0:00:05]} Nb4+ {[%emt 0:00:02]} 36. Kc4 {[%emt 0:00:04]} d3 {[%emt 0:00:03]} 37. Rg1 {[%emt 0:00:02]} d2 {[%emt 0:00:05]} 38. Rd1 {[%emt 0:00:00]} Na6 {[%emt 0:00:17]} 39. Kc3 {[%emt 0:00:06]} Nc5 {[%emt 0:00:01]} 40. f3 {[%emt 0:00:00]} Ke6 {[%emt 0:00:07]} 41. Rxd2 {[%emt 0:00:06]} Rxd2 {[%emt 0:00:01]} 42. Kxd2 Kf5 43. Ke3 {[%emt 0:00:02]} Ne6 {[%emt 0:00:01]} 44. h5 {[%emt 0:00:02]} h6 {[%emt 0:00:01]} 0-1

[Event "RUS-ch Men Blitz 2019"]
[Site "Sochi"]
[Date "2019.10.17"]
[Round "12.10"]
[White "Shubin, Kirill"]
[Black "Khismatullin, Denis"]
[Result "0-1"]
[WhiteElo "2416"]
[BlackElo "2611"]
[Annotator "TA"]
[PlyCount "98"]
[EventDate "2019.10.17"]
[EventType "swiss"]
[EventCountry "RUS"]
[SourceTitle "playchess.com"]
[Source "ChessBase"]
[SourceQuality "1"]

{[%evp 9,98,38,23,-57,-40,-63,-61,-81,-44,-37,-33,-47,-18,-98,-37,-39,-39,-79,-71,-76,-60,-76,-95,-115,-121,-127,-129,-119,-121,-116,-123,-169,-122,-128,-110,-125,-77,-358,-335,-387,-373,-383,-363,-370,-364,-475,-454,-470,-458,-488,-482,-560,-542,-597,-534,-490,-407,-406,-427,-399,-406,-447,-483,-651,-639,-880,-866,-782,-717,-1007,-902,-3309,-984,-1340,-1185,-1392,-1166,-29980,-29981,-29981,-29982,-29980,-29983,-29981,-5143,-29985,-29986,-29987,-29984,-29981,-29982]} 1. e4 d6 2. d4 Nf6 3. Nc3 Nbd7 4. Nf3 e5 5. Bc4 Be7 6. g4 {C41: Philidor Defence} (6. a4 $11) (6. O-O O-O 7. a4 c6 8. Re1 h6 9. h3 Re8 10. dxe5 Nxe5 11. Nxe5 dxe5 12. Qf3 Bb4 13. Rd1 Qe7 14. Ne2 Be6 15. Bxe6 Qxe6 16. Ng3 Bc5 17. Be3 Bxe3 18. Qxe3 {½-½ (68) Dominguez Perez,L (2752)-Rapport,R (2739) Hengshui 2019}) 6... Nb6 7. Be2 Nxg4 8. Rg1 {Black is slightly better.} g6 9. h3 exd4 10. Nxd4 $146 ({Predecessor:} 10. hxg4 dxc3 11. g5 cxb2 12. Bxb2 Rf8 13. a4 Nd7 {0-1 (31) Sevgi,V (2228)-Esen,B (2516) Izmir 2016}) 10... Nf6 11. h4 (11. a4 $11 {remains equal.}) 11... h5 ({Black should try} 11... d5 $17 12. Bf4 a6) 12. Bg5 $15 Nh7 {[%cal Rh7g5]} 13. Qd2 Nxg5 14. hxg5 c6 15. f4 Bd7 16. f5 Qc7 17. f6 {[#]} Bf8 $1 18. a4 a5 19. O-O-O O-O-O 20. Kb1 h4 21. Qe3 h3 22. Rh1 Re8 23. Qg3 $2 {[%mdl 8192]} (23. Qg1 $17) 23... d5 $19 24. Qxc7+ Kxc7 25. exd5 Bb4 26. dxc6 bxc6 27. Bf3 Bxc3 28. bxc3 Nxa4 29. Kc1 Re5 30. Nb3 Rxg5 31. Rhe1 Be6 32. Nd4 Nc5 33. Bxc6 h2 34. Bh1 Rh3 35. Nb5+ Kb6 36. Nd6 a4 37. Ne4 Nxe4 38. Bxe4 Rxc3 39. Bh1 Rcg3 40. Re2 Rh5 (40... Rg1 $142 41. Rxh2 Rxd1+ 42. Kxd1 a3) 41. Rd6+ Kc5 42. Rc6+ Kb4 {[#] aiming for ...Rg1+.} 43. c3+ Rxc3+ 44. Rxc3 Kxc3 {KRB-KRB} 45. Re3+ Kb4 46. Re4+ Ka5 (46... Bc4 $142 47. Re7 Rf5 48. Ba8 Rf1+ 49. Kd2 a3 50. Ra7 a2 51. Rb7+ Bb5 52. Ra7 Ba4 53. Rb7+ Ka3 54. Ke2 a1=Q 55. Ra7 Qe1+ 56. Kd3 Qg3+ 57. Ke4 h1=Q+ 58. Kd4 Qhg1+ 59. Ke4 Rf4+ 60. Ke5 Qd4#) 47. Re2 a3 {[%cal Ba4a3,Ba3a2][%mdl 32] Black mates.} 48. Kb1 a2+ 49. Ka1 Rg5 {Accuracy: White = 19%, Black = 67%.} 0-1

[Event "RUS-ch Men Blitz 2019"]
[Site "Sochi"]
[Date "2019.10.17"]
[Round "12.11"]
[White "Gubsky, Egor"]
[Black "Triapishko, Alexandr"]
[Result "0-1"]
[WhiteElo "2339"]
[BlackElo "2514"]
[Annotator "ChessBase"]
[PlyCount "78"]
[EventDate "2019.10.17"]
[EventType "swiss"]
[EventCountry "RUS"]
[SourceTitle "playchess.com"]
[Source "ChessBase"]
[SourceQuality "1"]
[TimeControl "180+2"]

1. d4 {[%emt 0:00:00]} Nf6 {[%emt 0:00:00]} 2. c4 {[%emt 0:00:00]} e6 {[%emt 0:00:00]} 3. Nf3 {[%emt 0:00:01]} d5 {[%emt 0:00:00]} 4. e3 {[%emt 0:00:05]} b6 {[%emt 0:00:11]} 5. Nc3 {[%emt 0:00:10]} Bb7 {[%emt 0:00:01]} 6. Bd3 {[%emt 0:00:03]} g6 {[%emt 0:00:27]} 7. O-O {[%emt 0:00:06]} Bg7 {[%emt 0:00:01]} 8. b3 {[%emt 0:00:01]} O-O {[%emt 0:00:04]} 9. Bb2 {[%emt 0:00:02]} Nbd7 {[%emt 0:00:07]} 10. Rc1 {[%emt 0:00:03]} c5 {[%emt 0:00:18]} 11. Qe2 {[%emt 0:00:20]} cxd4 {[%emt 0:00:35]} 12. Nxd4 {[%emt 0:00:02]} dxc4 {[%emt 0:00:23]} 13. Bxc4 {[%emt 0:00:04]} a6 {[%emt 0:00:06]} 14. Rfd1 {[%emt 0:00:09]} Qe7 {[%emt 0:00:11]} 15. a4 {[%emt 0:00:05]} Ne5 {[%emt 0:00:09]} 16. f3 {[%emt 0:00:19]} Nxc4 {[%emt 0:00:14]} 17. Qxc4 {[%emt 0:00:02]} Rac8 {[%emt 0:00:01]} 18. Qe2 {[%emt 0:00:06]} Rfd8 {[%emt 0:00:04]} 19. Nc2 {[%emt 0:00:06]} Nd7 {[%emt 0:00:10]} 20. Nd4 {[%emt 0:00:17]} Nc5 {[%emt 0:00:10]} 21. b4 {[%emt 0:00:05]} Nd7 {[%emt 0:00:08]} 22. b5 {[%emt 0:00:10]} a5 {[%emt 0:00:06]} 23. Ne4 {[%emt 0:00:38]} Ne5 {[%emt 0:00:13]} 24. Rxc8 {[%emt 0:00:18]} Rxc8 {[%emt 0:00:01]} 25. Rc1 {[%emt 0:00:09]} Rxc1+ {[%emt 0:00:01]} 26. Bxc1 {[%emt 0:00:00]} Bxe4 {[%emt 0:00:01]} 27. fxe4 {[%emt 0:00:01]} Qc5 {[%emt 0:00:02]} 28. Bb2 {[%emt 0:00:09]} Qc4 {[%emt 0:00:05]} 29. Qd1 {[%emt 0:00:09]} Qd3 {[%emt 0:00:03]} 30. Qc1 {[%emt 0:00:04]} Nc4 {[%emt 0:00:02]} 31. Kf2 {[%emt 0:00:11]} Bh6 {[%emt 0:00:00]} 32. Nc2 {[%emt 0:00:04]} Qxe4 {[%emt 0:00:03]} 33. Bd4 {[%emt 0:00:02]} e5 {[%emt 0:00:01]} 34. Bc3 {[%emt 0:00:02]} Qd3 {[%emt 0:00:02]} 35. Ba1 {[%emt 0:00:02]} Nd2 {[%emt 0:00:04]} 36. Qb2 {[%emt 0:00:03]} Ne4+ {[%emt 0:00:02]} 37. Kf3 {[%emt 0:00:01]} f6 {[%emt 0:00:03]} 38. g3 {[%emt 0:00:04]} Nd2+ {[%emt 0:00:02]} 39. Kg4 {[%emt 0:00:02]} Qf5+ {[%emt 0:00:01]} 0-1

[Event "RUS-ch Men Blitz 2019"]
[Site "Sochi"]
[Date "2019.10.17"]
[Round "12.12"]
[White "Popov, Valerij"]
[Black "Goltsev, Dmitry"]
[Result "1-0"]
[WhiteElo "2535"]
[BlackElo "2309"]
[Annotator "ChessBase"]
[PlyCount "169"]
[EventDate "2019.10.17"]
[EventType "swiss"]
[EventCountry "RUS"]
[SourceTitle "playchess.com"]
[Source "ChessBase"]
[SourceQuality "1"]
[TimeControl "180+2"]

1. c4 {[%emt 0:00:00]} Nf6 {[%emt 0:00:00]} 2. Nf3 {[%emt 0:00:02]} g6 {[%emt 0:00:00]} 3. Nc3 {[%emt 0:00:01]} Bg7 {[%emt 0:00:01]} 4. e4 {[%emt 0:00:00]} d6 {[%emt 0:00:01]} 5. d4 {[%emt 0:00:01]} O-O {[%emt 0:00:02]} 6. Be2 {[%emt 0:00:01]} Nbd7 {[%emt 0:00:02]} 7. Be3 {[%emt 0:00:01]} e5 {[%emt 0:00:01]} 8. d5 {[%emt 0:00:01]} a5 {[%emt 0:00:07]} 9. Nd2 {[%emt 0:00:01]} b6 {[%emt 0:00:02]} 10. a3 {[%emt 0:00:02]} Qe7 {[%emt 0:00:03]} 11. b4 {[%emt 0:00:08]} Bb7 {[%emt 0:00:02]} 12. O-O {[%emt 0:00:05]} axb4 {[%emt 0:00:01]} 13. axb4 {[%emt 0:00:01]} Rxa1 {[%emt 0:00:02]} 14. Qxa1 {[%emt 0:00:02]} Ra8 {[%emt 0:00:01]} 15. Qb2 {[%emt 0:00:01]} Qd8 {[%emt 0:00:01]} 16. c5 {[%emt 0:00:17]} bxc5 {[%emt 0:00:15]} 17. bxc5 {[%emt 0:00:01]} Rb8 {[%emt 0:00:10]} 18. Qa3 {[%emt 0:00:11]} Nxc5 {[%emt 0:00:06]} 19. Bxc5 {[%emt 0:00:11]} dxc5 {[%emt 0:00:05]} 20. Rb1 {[%emt 0:00:04]} Nd7 {[%emt 0:00:07]} 21. Bb5 {[%emt 0:00:18]} Ra8 {[%emt 0:00:14]} 22. Qb3 {[%emt 0:00:09]} Ba6 {[%emt 0:00:16]} 23. Bc6 {[%emt 0:00:36]} Rb8 {[%emt 0:00:02]} 24. Qa2 {[%emt 0:00:00]} Rxb1+ {[%emt 0:00:08]} 25. Ndxb1 {[%emt 0:00:02]} Bd3 {[%emt 0:00:05]} 26. Bb5 {[%emt 0:00:19]} Bxb1 {[%emt 0:00:32]} 27. Qxb1 {[%emt 0:00:02]} Nb6 {[%emt 0:00:06]} 28. Bc6 {[%emt 0:00:01]} Bf8 {[%emt 0:00:05]} 29. g3 {[%emt 0:00:05]} Qg5 {[%emt 0:00:04]} 30. Nb5 {[%emt 0:00:04]} Qd8 {[%emt 0:00:14]} 31. Qa1 {[%emt 0:00:15]} Bd6 {[%emt 0:00:03]} 32. Kg2 {[%emt 0:00:01]} h5 {[%emt 0:00:16]} 33. h4 {[%emt 0:00:03]} c4 {[%emt 0:00:09]} 34. Qb2 {[%emt 0:00:12]} Qe7 {[%emt 0:00:06]} 35. Qa1 {[%emt 0:00:06]} Kg7 {[%emt 0:00:07]} 36. Qa7 {[%emt 0:00:09]} Qd8 {[%emt 0:00:14]} 37. Qa1 {[%emt 0:00:07]} Qe7 {[%emt 0:00:05]} 38. Qa7 {[%emt 0:00:01]} Qd8 {[%emt 0:00:02]} 39. Kf1 {[%emt 0:00:02]} Qe7 {[%emt 0:00:11]} 40. Ke2 {[%emt 0:00:01]} Qd8 {[%emt 0:00:04]} 41. Qa1 {[%emt 0:00:09]} Qe7 {[%emt 0:00:02]} 42. Qb2 {[%emt 0:00:02]} g5 {[%emt 0:00:03]} 43. hxg5 {[%emt 0:00:02]} Na4 {[%emt 0:00:02]} 44. Qc2 {[%emt 0:00:05]} Nc5 {[%emt 0:00:01]} 45. Nxd6 {[%emt 0:00:12]} cxd6 46. f4 {[%emt 0:00:02]} exf4 {[%emt 0:00:02]} 47. gxf4 {[%emt 0:00:01]} Nxe4 {[%emt 0:00:03]} 48. Kf3 {[%emt 0:00:01]} Nc5 {[%emt 0:00:03]} 49. Qxc4 {[%emt 0:00:01]} Qe1 {[%emt 0:00:02]} 50. Qd4+ {[%emt 0:00:08]} Kg8 {[%emt 0:00:02]} 51. Bb5 {[%emt 0:00:00]} h4 {[%emt 0:00:01]} 52. Qf2 {[%emt 0:00:06]} Qe4+ {[%emt 0:00:02]} 53. Kg4 {[%emt 0:00:00]} Qh1 {[%emt 0:00:04]} 54. Qxh4 {[%emt 0:00:04]} Qxd5 {[%emt 0:00:01]} 55. Qe1 {[%emt 0:00:05]} Ne6 {[%emt 0:00:01]} 56. Bd7 {[%emt 0:00:05]} Qg2+ {[%emt 0:00:02]} 57. Kf5 {[%emt 0:00:02]} Nd4+ 58. Kf6 Ne2 {[%emt 0:00:08]} 59. Be8 {[%emt 0:00:04]} Qf3 {[%emt 0:00:03]} 60. Bxf7+ {[%emt 0:00:02]} Kf8 {[%emt 0:00:01]} 61. f5 {[%emt 0:00:01]} Qc3+ {[%emt 0:00:03]} 62. Qxc3 Nxc3 {[%emt 0:00:01]} 63. Bc4 {[%emt 0:00:07]} Ne4+ {[%emt 0:00:03]} 64. Kg6 {[%emt 0:00:01]} Nd2 {[%emt 0:00:03]} 65. Bd5 {[%emt 0:00:02]} Nf1 {[%emt 0:00:01]} 66. Kf6 {[%emt 0:00:00]} Ne3 {[%emt 0:00:01]} 67. Be6 {[%emt 0:00:01]} Ng4+ {[%emt 0:00:01]} 68. Kg6 {[%emt 0:00:00]} Ne5+ {[%emt 0:00:02]} 69. Kh5 {[%emt 0:00:01]} Ke7 70. Bd5 Nd7 {[%emt 0:00:03]} 71. Kg4 {[%emt 0:00:04]} Ne5+ {[%emt 0:00:01]} 72. Kf4 {[%emt 0:00:01]} Nd7 {[%emt 0:00:01]} 73. Ke4 {[%emt 0:00:01]} Nc5+ {[%emt 0:00:01]} 74. Ke3 {[%emt 0:00:00]} Nd7 {[%emt 0:00:02]} 75. Kd4 {[%emt 0:00:01]} Ne5 {[%emt 0:00:04]} 76. f6+ {[%emt 0:00:01]} Kf8 {[%emt 0:00:03]} 77. Ke4 {[%emt 0:00:01]} Ng6 {[%emt 0:00:03]} 78. Be6 {[%emt 0:00:04]} Ke8 {[%emt 0:00:04]} 79. Bg4 {[%emt 0:00:03]} Ne5 {[%emt 0:00:01]} 80. Bh5+ {[%emt 0:00:01]} Kd7 {[%emt 0:00:01]} 81. Kf5 {[%emt 0:00:00]} Nc6 {[%emt 0:00:05]} 82. g6 {[%emt 0:00:02]} Nd4+ {[%emt 0:00:01]} 83. Kg5 {[%emt 0:00:00]} Ke6 {[%emt 0:00:01]} 84. g7 {[%emt 0:00:01]} Nf3+ {[%emt 0:00:01]} 85. Bxf3 {[%emt 0:00:01]} 1-0

[Event "RUS-ch Men Blitz 2019"]
[Site "Sochi"]
[Date "2019.10.17"]
[Round "12.13"]
[White "Savitskiy, Sergey"]
[Black "Papin, Vasily"]
[Result "1-0"]
[WhiteElo "2407"]
[BlackElo "2481"]
[Annotator "ChessBase"]
[PlyCount "68"]
[EventDate "2019.10.17"]
[EventType "swiss"]
[EventCountry "RUS"]
[SourceTitle "playchess.com"]
[Source "ChessBase"]
[SourceQuality "1"]
[TimeControl "180+2"]

1. e4 {[%emt 0:00:00]} c5 {[%emt 0:00:00]} 2. Nf3 {[%emt 0:00:00]} e6 {[%emt 0:00:00]} 3. d4 {[%emt 0:00:01]} cxd4 {[%emt 0:00:00]} 4. Nxd4 a6 5. Nc3 {[%emt 0:00:01]} Qc7 {[%emt 0:00:01]} 6. g3 {[%emt 0:00:01]} d6 {[%emt 0:00:09]} 7. Bg2 {[%emt 0:00:02]} Bd7 {[%emt 0:00:00]} 8. O-O {[%emt 0:00:02]} Nc6 {[%emt 0:00:03]} 9. Re1 {[%emt 0:00:01]} Be7 {[%emt 0:00:00]} 10. g4 {[%emt 0:00:49]} h6 {[%emt 0:00:09]} 11. Nf5 {[%emt 0:00:07]} exf5 {[%emt 0:00:22]} 12. Nd5 {[%emt 0:00:01]} Qd8 {[%emt 0:00:03]} 13. exf5 {[%emt 0:00:01]} Kf8 {[%emt 0:00:26]} 14. Be3 {[%emt 0:00:42]} Be8 {[%emt 0:00:41]} 15. Bb6 {[%emt 0:00:16]} Qd7 {[%emt 0:00:01]} 16. Nxe7 {[%emt 0:00:13]} Ncxe7 {[%emt 0:00:50]} 17. a4 {[%emt 0:00:05]} Nf6 {[%emt 0:00:02]} 18. h3 {[%emt 0:00:04]} Rc8 {[%emt 0:00:06]} 19. c3 {[%emt 0:00:04]} Kg8 {[%emt 0:00:06]} 20. Qd2 {[%emt 0:00:09]} Kh7 {[%emt 0:00:08]} 21. Rad1 {[%emt 0:00:06]} d5 {[%emt 0:00:01]} 22. a5 {[%emt 0:00:09]} Nc6 {[%emt 0:00:02]} 23. Qf4 {[%emt 0:00:06]} d4 {[%emt 0:00:12]} 24. c4 {[%emt 0:00:18]} d3 {[%emt 0:00:12]} 25. h4 {[%emt 0:00:03]} Rf8 {[%emt 0:00:11]} 26. g5 {[%emt 0:00:02]} Ng8 {[%emt 0:00:01]} 27. Be4 {[%emt 0:00:09]} Kh8 {[%emt 0:00:03]} 28. Rxd3 {[%emt 0:00:02]} Qe7 {[%emt 0:00:03]} 29. f6 {[%emt 0:00:09]} Qe5 {[%emt 0:00:03]} 30. Qxe5 {[%emt 0:00:04]} Nxe5 {[%emt 0:00:01]} 31. fxg7+ {[%emt 0:00:02]} Kxg7 {[%emt 0:00:01]} 32. Bd4 {[%emt 0:00:01]} f6 {[%emt 0:00:04]} 33. gxf6+ {[%emt 0:00:01]} Kxf6 {[%emt 0:00:01]} 34. Rf3+ {[%emt 0:00:03]} Ke7 {[%emt 0:00:06]} 1-0